High Infidelity lyrics - Statistics

General Stats
  • This quiz has been taken 58 times
  • The average score is 334 of 377
Answer Stats
Lyrics % Correct
and
100%
And
100%
High
100%
I
100%
in
100%
infidelity
100%
love
100%
love?
100%
me
100%
on
100%
the
100%
The
100%
to
100%
was
100%
you
100%
You
100%
your
100%
Your
100%
around,
97%
around
97%
can
97%
dancing
97%
Do
97%
enough
97%
enough,
97%
eyes?
97%
is
97%
kill
97%
know
97%
my
97%
one
97%
Put
97%
really
97%
them
97%
want
97%
way
97%
where
97%
29th?
93%
April
93%
far
93%
have
93%
he
93%
it
93%
loving
93%
never
93%
regret
93%
his
90%
many
90%
records
90%
slowest
90%
tell
90%
too
90%
ways
90%
burn
87%
city
87%
didn't
87%
different
87%
how
87%
life?
87%
that
87%
there's
87%
tonight
87%
truth
87%
back
83%
bent
83%
brought
83%
constellations
83%
headphones
83%
meetiing
83%
said
83%
were
83%
as
80%
count
80%
if
77%
keeping
77%
time
77%
At
73%
at
73%
bad
73%
chart
73%
fence
73%
good
73%
Oh,
73%
oh,
73%
picket
73%
sharp
73%
could
70%
husband,
70%
it's
70%
knives
70%
right
70%
spoken
70%
But
67%
freeloading
67%
just
67%
token
67%
I'd
63%
omen
63%
aisle
60%
game
60%
house
60%
lonely,
60%
money
60%
slur
60%
you'd
60%
broken,
57%
down
57%
Dragged
57%
feet
57%
like
57%
pay
57%
thing
57%
blind
53%
Lock
53%
open,
53%
hoping
50%
Seemed
50%
Wound
47%
coming,
40%
Rain
40%
Storm
40%
soaking,
37%
No matching quizzes found
Score Distribution
Percent of People with Each Score
Percentile by Number Answered
Your Score History
You have not taken this quiz